[Event "Corfu Chess Festival 2009"]
[Site "Municipal Theatre of Kerkyra, "]
[Date "2009.09.10"]
[Round "6.1"]
[White "Simeonidis, Ioannis"]
[Black "Skiadopoulos, Nikolaos"]
[Result "1-0"]
[WhiteElo "2260"]
[BlackElo "2137"]
[PlyCount "111"]
[EventDate "2009.09.05"]
[EventRounds "9"]
[EventCountry "GRE"]

1. Nf3 c5 2. c4 Nc6 3. d4 cxd4 4. Nxd4 Nf6 5. Nc3 a6 6. g3 Qb6 7. Nb3 e6 8. Bg2
h5 9. O-O h4 10. Be3 Qb4 11. Rc1 Ng4 12. Bf4 Nxh2 13. Kxh2 hxg3+ 14. Kg1 gxf2+
15. Rxf2 Na5 16. Nxa5 Qxa5 17. Ne4 e5 18. Bh2 f6 19. a3 Bc5 20. Nxc5 Qxc5 21.
Qd5 d6 22. Qxc5 dxc5 23. Bd5 a5 24. Rc3 a4 25. Rg3 Kf8 26. Rg6 Rh5 27. Rfg2 Rh7
28. Be4 Rh4 29. Bd5 Rh7 30. Rf2 Rh5 31. Bf3 Rh4 32. Bxe5 Rxc4 33. Bd5 Rc1+ 34.
Kh2 Ra6 35. Bxf6 Rxf6 36. Rfxf6+ gxf6 37. Rg8+ Ke7 38. Rxc8 Rc2 39. Bf3 b6 40.
Kg3 Rxb2 41. Kf2 Rb3 42. Ra8 Kd6 43. Rxa4 b5 44. Ra5 c4 45. Ke1 c3 46. Kd1 Rb2
47. Kc1 f5 48. Kd1 Rd2+ 49. Kc1 Rb2 50. a4 b4 51. Rd5+ Ke6 52. Rc5 Kd6 53. Rc4
Ke5 54. a5 Ra2 55. Rxb4 Rxa5 56. Rc4 1-0

[Event "Corfu Chess Festival 2009"]
[Site "Municipal Theatre of Kerkyra, "]
[Date "2009.09.10"]
[Round "6.1"]
[White "Skalkotas, Nikolaos"]
[Black "Meyner, Hannes"]
[Result "1/2-1/2"]
[WhiteElo "2202"]
[BlackElo "2114"]
[PlyCount "35"]
[EventDate "2009.09.05"]
[EventRounds "9"]
[EventCountry "GRE"]

1. d4 d5 2. Nf3 Nf6 3. c4 c6 4. Qb3 e6 5. Nc3 Nbd7 6. g3 dxc4 7. Qxc4 c5 8. Bg2
a6 9. Qa4 Be7 10. dxc5 Bxc5 11. b4 Ba7 12. Bf4 b5 13. Qb3 Bb7 14. O-O Nd5 15.
Bg5 Qb6 16. Nxd5 Bxd5 17. Qb2 O-O 18. Be3 1/2-1/2

[Event "Corfu Chess Festival 2009"]
[Site "Municipal Theatre of Kerkyra, "]
[Date "2009.09.10"]
[Round "6.1"]
[White "Marek, Herbert"]
[Black "Morawietz, Dieter"]
[Result "0-1"]
[WhiteElo "1915"]
[BlackElo "2449"]
[PlyCount "74"]
[EventDate "2009.09.05"]
[EventRounds "9"]
[EventCountry "GRE"]

1. d4 Nf6 2. c4 e6 3. Nc3 Bb4 4. e3 b6 5. Qc2 Bb7 6. f3 c5 7. Bd3 O-O 8. Nge2
d5 9. O-O dxc4 10. Bxc4 cxd4 11. exd4 Nbd7 12. a3 Be7 13. Be3 Rc8 14. Qd3 Qc7
15. Ba2 Qb8 16. Rac1 Rfd8 17. Qb1 Bd6 18. h3 Qa8 19. Nb5 Bb8 20. Rxc8 Bxc8 21.
Bf4 Ba6 22. a4 Nd5 23. Bxb8 Bxb5 24. axb5 Rxb8 25. Qe4 N7f6 26. Qe5 Rd8 27. Bb1
a6 28. g4 axb5 29. g5 Ne8 30. h4 Qa5 31. Qe4 g6 32. Rd1 Nd6 33. Qe5 Nc4 34. Qg3
Nxb2 35. h5 Nxd1 36. hxg6 hxg6 37. Be4 N1e3 0-1

[Event "Corfu Chess Festival 2009"]
[Site "Municipal Theatre of Kerkyra, "]
[Date "2009.09.10"]
[Round "6.1"]
[White "Pappas, Mihail"]
[Black "Trifonas, Spyridon"]
[Result "1-0"]
[WhiteElo "1964"]
[BlackElo "2225"]
[PlyCount "95"]
[EventDate "2009.09.05"]
[EventRounds "9"]
[EventCountry "GRE"]

1. e4 d5 2. exd5 Nf6 3. d4 Nxd5 4. c4 Nf6 5. Nc3 Bg4 6. Nf3 e6 7. Be3 Bb4 8.
Qa4+ Nc6 9. Ne5 Bxc3+ 10. bxc3 O-O 11. Nxc6 bxc6 12. Qxc6 Bf5 13. f3 Qe7 14.
Kf2 Rab8 15. Be2 Rb2 16. Rhe1 Rfb8 17. Kg1 h6 18. Bd1 Bc2 19. Qa6 Bxd1 20.
Raxd1 Rc2 21. Rc1 Rbb2 22. Rxc2 Rxc2 23. Rc1 Re2 24. Bf2 Nh5 25. c5 Qg5 26.
Qxe2 Qxc1+ 27. Be1 c6 28. g3 a5 29. Qd2 Qb1 30. c4 a4 31. a3 Nf6 32. Kf2 Qb3
33. Qc3 Qa2+ 34. Bd2 Qb1 35. Qc1 Qf5 36. Ke3 e5 37. Qb2 e4 38. Qb8+ Kh7 39. Qf4
Qe6 40. fxe4 g6 41. Kd3 Kg8 42. d5 cxd5 43. exd5 Qa6 44. Bc3 Ne8 45. Qxh6 f5
46. c6 Qb6 47. Qxg6+ Kf8 48. Bb4+ 1-0

[Event "Corfu Chess Festival 2009"]
[Site "Municipal Theatre of Kerkyra, "]
[Date "2009.09.10"]
[Round "6.1"]
[White "Pountzas, Hrisanthos"]
[Black "Simone, Marco"]
[Result "1-0"]
[WhiteElo "2168"]
[BlackElo "1865"]
[PlyCount "61"]
[EventDate "2009.09.05"]
[EventRounds "9"]
[EventCountry "GRE"]

1. Nf3 g6 2. c4 Bg7 3. Nc3 c6 4. e4 d6 5. d4 Nd7 6. Be2 e5 7. O-O Ngf6 8. Rb1
O-O 9. b4 Re8 10. d5 c5 11. a3 a6 12. Ne1 b6 13. Nd3 h6 14. Be3 Nh7 15. a4 f5
16. f3 Ndf6 17. a5 b5 18. cxb5 axb5 19. bxc5 fxe4 20. fxe4 Rxa5 21. c6 Ba6 22.
Nb4 Ra3 23. Qc2 Qa5 24. Rb3 Ng5 25. Rfb1 Rxb3 26. Rxb3 Qa1+ 27. Rb1 Qa3 28. Qb3
Qxb3 29. Rxb3 Bc8 30. Bxg5 hxg5 31. Ra3 1-0

[Event "Corfu Chess Festival 2009"]
[Site "Municipal Theatre of Kerkyra, "]
[Date "2009.09.11"]
[Round "7.1"]
[White "Romanishin, Oleg M"]
[Black "Banikas, Hristos"]
[Result "1/2-1/2"]
[WhiteElo "2515"]
[BlackElo "2599"]
[PlyCount "75"]
[EventDate "2009.09.05"]
[EventRounds "9"]
[EventCountry "GRE"]

1. Nf3 Nf6 2. g3 g6 3. Bg2 Bg7 4. c4 O-O 5. O-O d6 6. d4 Nbd7 7. Nc3 e5 8. e4
a6 9. dxe5 dxe5 10. Qc2 c6 11. Be3 Qe7 12. h3 b5 13. a3 Bb7 14. b4 bxc4 15. Na4
a5 16. Nc5 Rfb8 17. Nxb7 Rxb7 18. bxa5 Rxa5 19. Qxc4 Rxa3 20. Bc5 Qxc5 21. Qxc5
Rxa1 22. Qxc6 Raa7 23. Rc1 Bh6 24. Rc2 Rb6 25. Qc4 Rb1+ 26. Kh2 Kg7 27. Nd2
Rba1 28. Nb3 R1a4 29. Qe2 Rb4 30. Nc5 Nxc5 31. Rxc5 Rd7 32. Rc2 Rdd4 33. Qa6
Rd2 34. Rxd2 Bxd2 35. Qd3 Rd4 36. Qb5 Be1 37. Qxe5 Bxf2 38. Qf4 1/2-1/2

[Event "Corfu Chess Festival 2009"]
[Site "Municipal Theatre of Kerkyra, "]
[Date "2009.09.11"]
[Round "7.1"]
[White "Karpatchev, Aleksandr"]
[Black "Gazis, Efstathios"]
[Result "1-0"]
[WhiteElo "2477"]
[BlackElo "2295"]
[PlyCount "115"]
[EventDate "2009.09.05"]
[EventRounds "9"]
[EventCountry "GRE"]

1. e4 c5 2. c3 d6 3. d4 Nf6 4. Bd3 g6 5. Nf3 Bg7 6. dxc5 dxc5 7. e5 Ng4 8. Bb5+
Nc6 9. Bxc6+ bxc6 10. Qxd8+ Kxd8 11. Bf4 Bh6 12. Bxh6 Nxh6 13. Nbd2 Kc7 14.
O-O-O Be6 15. c4 Nf5 16. b3 Nd4 17. Ne4 Nxf3 18. gxf3 Kb6 19. Rd2 Rhd8 20. Rhd1
Rxd2 21. Rxd2 Bf5 22. Nc3 Kc7 23. Na4 f6 24. f4 Rf8 25. Nxc5 Bc8 26. Kb2 fxe5
27. fxe5 g5 28. Ka3 g4 29. Kb4 Rf5 30. Nd3 Rh5 31. f4 gxf3 32. Rf2 Bg4 33. Kc5
Rf5 34. Kd4 a5 35. Ke4 Rf8 36. Nf4 Kb6 37. h3 Bf5+ 38. Ke3 Kc5 39. Rxf3 Rd8 40.
Ke2 Kb4 41. Nd5+ cxd5 42. Rxf5 e6 43. Rf6 Kc3 44. cxd5 Rxd5 45. Rxe6 Kd4 46.
Rd6 Kxe5 47. Rxd5+ Kxd5 48. Kd3 h5 49. h4 Kc5 50. a3 Kd5 51. b4 axb4 52. axb4
Kc6 53. Ke4 Kb5 54. Kf5 Kxb4 55. Kg5 Kc5 56. Kxh5 Kd6 57. Kg6 Ke7 58. Kg7 1-0

[Event "Corfu Chess Festival 2009"]
[Site "Municipal Theatre of Kerkyra, "]
[Date "2009.09.11"]
[Round "7.1"]
[White "Rotstein, Arkadij"]
[Black "Simeonidis, Ioannis"]
[Result "1-0"]
[WhiteElo "2538"]
[BlackElo "2260"]
[PlyCount "53"]
[EventDate "2009.09.05"]
[EventRounds "9"]
[EventCountry "GRE"]

1. d4 Nf6 2. Nf3 d5 3. c4 dxc4 4. e3 Bg4 5. Bxc4 e6 6. h3 Bh5 7. Nc3 Nbd7 8. g4
Bg6 9. Nh4 a6 10. Nxg6 hxg6 11. g5 Ng8 12. h4 Nb6 13. Bf1 Qd7 14. Bg2 O-O-O 15.
Bd2 Ne7 16. Qf3 Ned5 17. Rc1 Nc4 18. Nxd5 Qxd5 19. Qg3 Qb5 20. Bf1 Bb4 21. Bxc4
Bxd2+ 22. Kxd2 Qxb2+ 23. Rc2 Qb4+ 24. Ke2 Qd6 25. Qxd6 Rxd6 26. f4 Kb8 27. Kf3
1-0

[Event "Corfu Chess Festival 2009"]
[Site "Municipal Theatre of Kerkyra, "]
[Date "2009.09.11"]
[Round "7.1"]
[White "Delithanasis, Dimitrios"]
[Black "Skembris, Spyridon"]
[Result "0-1"]
[WhiteElo "2244"]
[BlackElo "2474"]
[PlyCount "62"]
[EventDate "2009.09.05"]
[EventRounds "9"]
[EventCountry "GRE"]

1. Nf3 Nf6 2. c4 g6 3. b4 Bg7 4. Bb2 O-O 5. e3 c6 6. d4 d5 7. Nbd2 Bg4 8. h3
Bxf3 9. gxf3 a5 10. b5 a4 11. Rb1 Nfd7 12. cxd5 cxd5 13. f4 Nf6 14. Bd3 Nbd7
15. Ba3 Nb6 16. h4 Qd7 17. h5 Nxh5 18. Rxh5 gxh5 19. Qxh5 f5 20. Bc5 Nc8 21.
Ke2 Rf6 22. Rg1 Nd6 23. Nf3 Ne4 24. Ne5 Qe6 25. Bb4 Rh6 26. Qf3 Kh8 27. Rc1 Rh2
28. Bxe4 dxe4 29. Qg3 Rh6 30. d5 Qxd5 31. Qg5 Qxb5+ 0-1

[Event "Corfu Chess Festival 2009"]
[Site "Municipal Theatre of Kerkyra, "]
[Date "2009.09.11"]
[Round "7.1"]
[White "Hoffmann, Ekkehard"]
[Black "Skalkotas, Nikolaos"]
[Result "0-1"]
[WhiteElo "1921"]
[BlackElo "2202"]
[PlyCount "70"]
[EventDate "2009.09.05"]
[EventRounds "9"]
[EventCountry "GRE"]

1. e4 c5 2. Nc3 Nc6 3. f4 e6 4. Nf3 a6 5. d4 cxd4 6. Nxd4 Qc7 7. a4 Nf6 8. Be2
Bb4 9. Bf3 d5 10. exd5 Nxd5 11. Bxd5 exd5 12. Qe2+ Kf8 13. Nxc6 bxc6 14. O-O
Bf5 15. g4 Re8 16. Qg2 Qa7+ 17. Kh1 Bxc3 18. gxf5 Bf6 19. Ra3 Qd7 20. Rb3 Qxf5
21. Rb6 Qc8 22. f5 h6 23. Qf2 c5 24. Re1 Bd4 25. Qg3 Rxe1+ 26. Qxe1 Kg8 27. Qf1
Kh7 28. Rxa6 Re8 29. a5 c4 30. Rd6 Re5 31. f6 Bc5 32. Rb6 Qg4 33. fxg7 Qe4+ 34.
Qg2 Qe1+ 35. Qf1 Qxf1# 0-1

[Event "Corfu Chess Festival 2009"]
[Site "Municipal Theatre of Kerkyra, "]
[Date "2009.09.11"]
[Round "7.1"]
[White "Morawietz, Dieter"]
[Black "Akstinat, Sven-Holger"]
[Result "1-0"]
[WhiteElo "2449"]
[BlackElo "2128"]
[PlyCount "67"]
[EventDate "2009.09.05"]
[EventRounds "9"]
[EventCountry "GRE"]

1. b4 e5 2. Bb2 Bxb4 3. Bxe5 Nf6 4. Nf3 Nc6 5. Bb2 d5 6. e3 O-O 7. c4 Bg4 8.
cxd5 Nxd5 9. Be2 Qe7 10. O-O Rad8 11. a3 Bd6 12. d4 Kh8 13. Nbd2 f5 14. Re1 Nf6
15. Qc2 Nb8 16. h3 Bh5 17. Qxf5 Bxf3 18. Bxf3 c6 19. Qc2 Nd5 20. Be4 Nd7 21.
Nf1 h6 22. g3 Qe6 23. Bg2 N5b6 24. e4 Qg8 25. Ne3 Rde8 26. Nf5 Bb8 27. Rac1 Qh7
28. d5 Be5 29. Bxe5 Nxe5 30. Nd6 Re7 31. f4 Nf7 32. Nxf7+ Rexf7 33. dxc6 bxc6
34. Qxc6 1-0

[Event "Corfu Chess Festival 2009"]
[Site "Municipal Theatre of Kerkyra, "]
[Date "2009.09.11"]
[Round "7.1"]
[White "Stiri, Alexandra"]
[Black "Grapsa, Georgia"]
[Result "1/2-1/2"]
[WhiteElo "2198"]
[BlackElo "2050"]
[PlyCount "31"]
[EventDate "2009.09.05"]
[EventRounds "9"]
[EventCountry "GRE"]

1. e4 c5 2. Nf3 d6 3. d4 cxd4 4. Nxd4 Nf6 5. Nc3 e5 6. Bb5+ Nbd7 7. Nf5 a6 8.
Bxd7+ Qxd7 9. Bg5 Nxe4 10. Nxg7+ Bxg7 11. Nxe4 O-O 12. Qxd6 f6 13. Qxd7 Bxd7
14. Be3 Bf5 15. f3 Bxe4 16. fxe4 1/2-1/2

[Event "Corfu Chess Festival 2009"]
[Site "Municipal Theatre of Kerkyra, "]
[Date "2009.09.11"]
[Round "7.1"]
[White "Doehner, Hans-Juergen Prof"]
[Black "Pappas, Mihail"]
[Result "1-0"]
[WhiteElo "2177"]
[BlackElo "1964"]
[PlyCount "53"]
[EventDate "2009.09.05"]
[EventRounds "9"]
[EventCountry "GRE"]

1. e4 e6 2. d4 d5 3. e5 c5 4. c3 Nc6 5. Nf3 Bd7 6. Bd3 cxd4 7. cxd4 Qb6 8. Nc3
Nxd4 9. Nxd4 Qxd4 10. O-O Qxe5 11. Re1 Qd6 12. Nb5 Qb8 13. Qf3 Bd6 14. Nxd6+
Qxd6 15. Bf4 Qe7 16. Qg3 f6 17. Bxh7 g5 18. Bg6+ Kd8 19. Bc7+ Kc8 20. Bd6 Qg7
21. Rac1+ Bc6 22. Be8 Ne7 23. Bxc6 Nxc6 24. Rxe6 Kd7 25. Qg4 Rh4 26. Re7+ Kxd6
27. Qe6# 1-0

[Event "Corfu Chess Festival 2009"]
[Site "Municipal Theatre of Kerkyra, "]
[Date "2009.09.11"]
[Round "7.1"]
[White "Meyner, Hannes"]
[Black "Pountzas, Hrisanthos"]
[Result "0-1"]
[WhiteElo "2114"]
[BlackElo "2168"]
[PlyCount "106"]
[EventDate "2009.09.05"]
[EventRounds "9"]
[EventCountry "GRE"]

1. d4 c5 2. e3 Nf6 3. Nf3 g6 4. c4 Bg7 5. Nc3 O-O 6. Be2 cxd4 7. exd4 d5 8. O-O
Nc6 9. h3 a6 10. a3 dxc4 11. Bxc4 b5 12. Ba2 b4 13. Na4 e6 14. Bg5 bxa3 15.
bxa3 h6 16. Be3 Nd5 17. Rc1 Nce7 18. Nc5 Bd7 19. Qd2 Nxe3 20. fxe3 Bb5 21. Rf2
Qd6 22. a4 Bc6 23. Qa5 Bxf3 24. Rxf3 Nc6 25. Qe1 Nxd4 26. exd4 Bxd4+ 27. Kh1
Bxc5 28. Rd1 Qe7 29. Qe5 Rad8 30. Rfd3 Rxd3 31. Rxd3 Qg5 32. Qe1 Kg7 33. Qc3+
Kh7 34. Rd7 Be7 35. Qc7 Re8 36. Rd1 Kg8 37. Qc6 Rd8 38. Rxd8+ Bxd8 39. Qxa6
Qc1+ 40. Kh2 Bc7+ 41. g3 Qd2+ 42. Kg1 Qe1+ 43. Qf1 Qxg3+ 44. Qg2 Qe3+ 45. Kf1
Qc1+ 46. Ke2 Qc2+ 47. Kf1 Qxa4 48. Qe2 Qf4+ 49. Kg1 Qg3+ 50. Qg2 Bb6+ 51. Kf1
Qd3+ 52. Ke1 Qc3+ 53. Kf1 Qa1+ 0-1

[Event "Corfu Chess Festival 2009"]
[Site "Municipal Theatre of Kerkyra, "]
[Date "2009.09.11"]
[Round "7.1"]
[White "Skiadopoulos, Nikolaos"]
[Black "Sigkounas, Alkis"]
[Result "1/2-1/2"]
[WhiteElo "2137"]
[BlackElo "1679"]
[PlyCount "104"]
[EventDate "2009.09.05"]
[EventRounds "9"]
[EventCountry "GRE"]

1. e4 c6 2. c4 d5 3. cxd5 cxd5 4. exd5 Nf6 5. Qa4+ Bd7 6. Qb3 Na6 7. d4 Qb6 8.
Bc4 Qxb3 9. Bxb3 O-O-O 10. Nc3 Bf5 11. Nf3 Nb4 12. Ne5 Bg6 13. Bf4 b6 14. Bg3
Kb7 15. Rc1 Nbxd5 16. Nxd5 Nxd5 17. Nc6 Rd7 18. Nb8 Rd8 19. Bxd5+ Rxd5 20. Nc6
e6 21. O-O Bd6 22. Rc3 Bxg3 23. hxg3 f6 24. Rfc1 Rd7 25. f3 Re8 26. a4 e5 27.
dxe5 fxe5 28. b4 e4 29. f4 Rd3 30. Ne5 Rxc3 31. Rxc3 Bf5 32. g4 Be6 33. Kf2 Rc8
34. Rxc8 Kxc8 35. Ke3 Bb3 36. a5 bxa5 37. bxa5 Bd5 38. g5 Kd8 39. Kd4 Bb7 40.
f5 e3 41. Kxe3 Bxg2 42. f6 gxf6 43. gxf6 Ke8 44. Kf4 Bd5 45. Kg5 Kd8 46. Kh6
Kc7 47. Kxh7 Kb7 48. Kg7 Ka6 49. Nc6 Kb5 50. Nxa7+ Kxa5 51. Nc6+ Kb6 52. Ne5
Kc7 1/2-1/2

[Event "Corfu Chess Festival 2009"]
[Site "Municipal Theatre of Kerkyra, "]
[Date "2009.09.12"]
[Round "8.1"]
[White "Rotstein, Arkadij"]
[Black "Karpatchev, Aleksandr"]
[Result "1/2-1/2"]
[WhiteElo "2538"]
[BlackElo "2477"]
[PlyCount "96"]
[EventDate "2009.09.05"]
[EventRounds "9"]
[EventCountry "GRE"]

1. c4 e5 2. Nc3 Nf6 3. Nf3 Nc6 4. a3 d5 5. cxd5 Nxd5 6. Qc2 Nxc3 7. bxc3 Bd6 8.
g3 Qe7 9. d3 b6 10. Bg2 Bb7 11. O-O O-O 12. Nh4 f5 13. Qa4 Na5 14. Bxb7 Nxb7
15. Nxf5 Rxf5 16. Qe4 Raf8 17. Qxb7 Bc5 18. Be3 Bxe3 19. fxe3 Qc5 20. Qe4 Qxc3
21. Qd5+ Kh8 22. Rxf5 Qxa1+ 23. Kg2 Qxa3 24. Qxe5 Rxf5 25. Qxf5 h6 26. Qc8+ Kh7
27. Qxc7 Qb2 28. Kf3 a5 29. Qc4 Qa1 30. e4 a4 31. e5 a3 32. e6 Qf6+ 33. Kg2 Qe5
34. d4 Qe4+ 35. Kf2 b5 36. Qc3 a2 37. e7 b4 38. e8=Q Qf5+ 39. Qf3 Qxf3+ 40.
Kxf3 a1=Q 41. Qe4+ Kh8 42. Qd3 Qa3 43. Ke4 b3 44. Qc3 Qa2 45. Qc8+ Kh7 46. Qf5+
Kh8 47. Qc8+ Kh7 48. Qf5+ Kh8 1/2-1/2

[Event "Corfu Chess Festival 2009"]
[Site "Municipal Theatre of Kerkyra, "]
[Date "2009.09.12"]
[Round "8.1"]
[White "Pountzas, Hrisanthos"]
[Black "Romanishin, Oleg M"]
[Result "0-1"]
[WhiteElo "2168"]
[BlackElo "2515"]
[PlyCount "50"]
[EventDate "2009.09.05"]
[EventRounds "9"]
[EventCountry "GRE"]

1. c4 e5 2. g3 Nf6 3. Bg2 d5 4. cxd5 Nxd5 5. Nc3 Nb6 6. Nf3 Nc6 7. Rb1 a5 8. d3
Be7 9. O-O O-O 10. Be3 Be6 11. Bxb6 cxb6 12. Nd2 b5 13. Nxb5 Bxa2 14. Ra1 Be6
15. Nc4 Bb4 16. Qa4 Bd7 17. Qa2 a4 18. b3 a3 19. Qc2 Qe7 20. Nb6 Ra5 21. Nxd7
Qxd7 22. Qc4 Nd4 23. Nxd4 Qxd4 24. Bxb7 Rb8 25. Rfc1 Qxc4 0-1

[Event "Corfu Chess Festival 2009"]
[Site "Municipal Theatre of Kerkyra, "]
[Date "2009.09.12"]
[Round "8.1"]
[White "Simeonidis, Ioannis"]
[Black "Doehner, Hans-Juergen Prof"]
[Result "1-0"]
[WhiteElo "2260"]
[BlackElo "2177"]
[PlyCount "53"]
[EventDate "2009.09.05"]
[EventRounds "9"]
[EventCountry "GRE"]

1. Nf3 d5 2. c4 e6 3. g3 c5 4. cxd5 exd5 5. d4 Nc6 6. Bg2 Be6 7. O-O Nf6 8. Nc3
Be7 9. Bg5 O-O 10. Rc1 c4 11. Ne5 Rc8 12. Nxc6 Rxc6 13. e3 a6 14. a4 Qd7 15.
Bxf6 Bxf6 16. e4 Rb6 17. exd5 Bh3 18. Bxh3 Qxh3 19. Ne4 Bd8 20. Qf3 f5 21. Nc5
Rh6 22. Qg2 Qxg2+ 23. Kxg2 b5 24. Ne6 Re8 25. axb5 axb5 26. b3 cxb3 27. Rc8 1-0

[Event "Corfu Chess Festival 2009"]
[Site "Municipal Theatre of Kerkyra, "]
[Date "2009.09.12"]
[Round "8.1"]
[White "Gazis, Efstathios"]
[Black "Georgiadis, Alexandros"]
[Result "1-0"]
[WhiteElo "2295"]
[BlackElo "1940"]
[PlyCount "143"]
[EventDate "2009.09.05"]
[EventRounds "9"]
[EventCountry "GRE"]

1. e4 e5 2. Nf3 Nc6 3. Bb5 Nf6 4. d3 d6 5. c3 Bd7 6. O-O g6 7. Re1 Bg7 8. Nbd2
O-O 9. Nf1 a6 10. Ba4 Re8 11. Ng3 h6 12. h3 Rb8 13. a3 Kh7 14. d4 Qe7 15. Bb3
Rf8 16. Ba2 Rbe8 17. b4 Bc8 18. Bb2 Nd7 19. Qc2 Nd8 20. Rad1 Ne6 21. Nf5 gxf5
22. exf5 Kh8 23. fxe6 fxe6 24. Bb1 Bf6 25. Qg6 Qg7 26. Bc1 Rg8 27. Qxh6+ Qxh6
28. Bxh6 exd4 29. cxd4 Nb6 30. h4 Nc4 31. Ng5 Re7 32. Rd3 Rg6 33. Bf8 Re8 34.
Rf3 Nd2 35. Bxg6 Nxf3+ 36. Nxf3 Rxf8 37. Bh5 Kg7 38. Bg4 Kf7 39. Ng5+ Bxg5 40.
hxg5 c6 41. f4 Bd7 42. Kf2 Rh8 43. Bh3 b5 44. Rc1 Rc8 45. Bg4 a5 46. Bf3 d5 47.
Rh1 Kg7 48. Be2 axb4 49. axb4 Ra8 50. Bd3 Ra2+ 51. Ke3 Be8 52. Rh7+ Kg8 53. Re7
Kf8 54. Rxe6 Rxg2 55. g6 Bd7 56. Rf6+ Kg8 57. f5 Rg3+ 58. Ke2 Rg2+ 59. Kf3 Rd2
60. Ke3 Rh2 61. Rd6 Rh3+ 62. Kf4 Rxd3 63. Rxd7 Rxd4+ 64. Kg5 Kf8 65. Kf6 Ke8
66. Re7+ Kd8 67. g7 Rg4 68. Ra7 d4 69. g8=Q+ Rxg8 70. Ra8+ Kd7 71. Rxg8 c5 72.
bxc5 1-0

[Event "Corfu Chess Festival 2009"]
[Site "Municipal Theatre of Kerkyra, "]
[Date "2009.09.12"]
[Round "8.1"]
[White "Hoffmann, Ekkehard"]
[Black "Delithanasis, Dimitrios"]
[Result "0-1"]
[WhiteElo "1921"]
[BlackElo "2244"]
[PlyCount "92"]
[EventDate "2009.09.05"]
[EventRounds "9"]
[EventCountry "GRE"]

1. e4 e6 2. d4 d5 3. exd5 exd5 4. Nc3 Bb4 5. Bd3 Nc6 6. Nge2 Nf6 7. Bg5 h6 8.
Bh4 g5 9. Bg3 Bg4 10. f3 Be6 11. Qd2 Nh5 12. Bf2 Qf6 13. O-O-O O-O-O 14. h4 g4
15. fxg4 Qxf2 16. gxh5 Nxd4 17. Rdf1 Nxe2+ 18. Bxe2 Qxg2 19. a3 Bxc3 20. bxc3
Qe4 21. Kb2 d4 22. Bf3 Qe5 23. c4 Bxc4 24. Bg4+ Be6 25. Bxe6+ fxe6 26. Re1 Qd5
27. Rhf1 Rd6 28. Rf6 Qc4 29. Qd3 Rb6+ 30. Ka1 Qxd3 31. cxd3 Kd7 32. Rg1 Rb3 33.
Rgg6 Rxd3 34. Rxh6 Rxh6 35. Rxh6 Rxa3+ 36. Kb2 Rh3 37. Rh8 Rxh4 38. h6 Rh3 39.
h7 b6 40. Kc2 a5 41. Kb2 e5 42. Kc2 a4 43. Kb2 e4 44. Ra8 Rxh7 45. Rxa4 Rh2+
46. Kc1 c5 0-1

[Event "Corfu Chess Festival 2009"]
[Site "Municipal Theatre of Kerkyra, "]
[Date "2009.09.12"]
[Round "8.1"]
[White "Sigkounas, Alkis"]
[Black "Stiri, Alexandra"]
[Result "0-1"]
[WhiteElo "1679"]
[BlackElo "2198"]
[PlyCount "52"]
[EventDate "2009.09.05"]
[EventRounds "9"]
[EventCountry "GRE"]

1. d4 Nf6 2. Bg5 d5 3. Bxf6 gxf6 4. e3 c5 5. c4 dxc4 6. Bxc4 cxd4 7. Qxd4 Qxd4
8. exd4 Nc6 9. Ne2 Rg8 10. O-O Bh3 11. Nf4 Bg4 12. f3 Bd7 13. Nc3 Bh6 14. Nfd5
Kf8 15. Kf2 Rd8 16. Rad1 Be6 17. b3 Na5 18. a4 Rc8 19. Bd3 Nxb3 20. Bxh7 Rh8
21. Bd3 Nxd4 22. Rfe1 Nc6 23. f4 Nb4 24. Nxb4 Rxc3 25. Bb1 Bxf4 26. Re4 Bxh2
0-1

[Event "Corfu Chess Festival 2009"]
[Site "Municipal Theatre of Kerkyra, "]
[Date "2009.09.12"]
[Round "8.1"]
[White "Akstinat, Sven-Holger"]
[Black "Simone, Marco"]
[Result "1-0"]
[WhiteElo "2128"]
[BlackElo "1865"]
[PlyCount "75"]
[EventDate "2009.09.05"]
[EventRounds "9"]
[EventCountry "GRE"]

1. e4 e6 2. d4 d5 3. Nc3 Bb4 4. e5 c5 5. Bd2 cxd4 6. Nb5 Be7 7. f4 Nc6 8. Nf3
Nh6 9. Nbxd4 O-O 10. Bd3 f5 11. c3 Kh8 12. Qe2 a5 13. O-O Nf7 14. Kh1 Nxd4 15.
cxd4 g5 16. fxg5 Nxg5 17. Nxg5 Bxg5 18. Rac1 Bd7 19. Rc2 Bxd2 20. Qxd2 Rc8 21.
Rxc8 Bxc8 22. Bb5 Bd7 23. Bxd7 Qxd7 24. Qxa5 Rc8 25. h3 Rc2 26. Qa3 Qg7 27. Rg1
h5 28. Qa4 Rxb2 29. Qe8+ Qg8 30. Qxh5+ Qh7 31. Qe8+ Qg8 32. Qe7 Qg6 33. a4 b6
34. Qa3 Rc2 35. Qb4 Rc4 36. Qxb6 Rxa4 37. Qd8+ Kg7 38. Qd7+ 1-0

[Event "Corfu Chess Festival 2009"]
[Site "Municipal Theatre of Kerkyra, "]
[Date "2009.09.13"]
[Round "9.1"]
[White "Karpatchev, Aleksandr"]
[Black "Morawietz, Dieter"]
[Result "1-0"]
[WhiteElo "2477"]
[BlackElo "2449"]
[PlyCount "37"]
[EventDate "2009.09.05"]
[EventRounds "9"]
[EventCountry "GRE"]

1. e4 c5 2. c3 Nf6 3. e5 Nd5 4. Nf3 e6 5. d4 cxd4 6. cxd4 d6 7. Bc4 Nc6 8. O-O
Be7 9. Bd2 O-O 10. Nc3 Nxc3 11. Bxc3 d5 12. Bd3 f5 13. exf6 gxf6 14. Qd2 Rf7
15. Rfe1 Bd6 16. Qh6 Bd7 17. Re3 Qc7 18. Ne5 Nxe5 19. Bxh7+ 1-0

[Event "Corfu Chess Festival 2009"]
[Site "Municipal Theatre of Kerkyra, "]
[Date "2009.09.13"]
[Round "9.1"]
[White "Gazis, Efstathios"]
[Black "Banikas, Hristos"]
[Result "0-1"]
[WhiteElo "2295"]
[BlackElo "2599"]
[PlyCount "82"]
[EventDate "2009.09.05"]
[EventRounds "9"]
[EventCountry "GRE"]

1. e4 c5 2. Nf3 d6 3. d4 cxd4 4. Nxd4 Nf6 5. Nc3 a6 6. Bg5 Nbd7 7. f4 Qb6 8. a3
e6 9. f5 h6 10. Bxf6 Nxf6 11. fxe6 Bxe6 12. Nxe6 fxe6 13. Bc4 Qxb2 14. Ne2 Qe5
15. Qd4 Rc8 16. Qxe5 dxe5 17. Bd3 Bc5 18. h3 Ke7 19. a4 Rhd8 20. Ng3 Nd7 21.
Rb1 Rc7 22. Kd2 Bf2 23. Nf1 Nc5 24. Ke2 Bd4 25. Rb4 Bc3 26. Rc4 Ba5 27. Nd2
Bxd2 28. Kxd2 Rd4 29. Rxd4 exd4 30. a5 Kd6 31. Rf1 Ke5 32. Kd1 g5 33. g3 Na4
34. Ke2 Nc3+ 35. Kd2 Rc5 36. Ra1 Nxe4+ 37. Bxe4 Kxe4 38. Re1+ Kd5 39. Rb1 Rb5
40. Rf1 Rxa5 41. Rf6 Ra3 0-1

[Event "Corfu Chess Festival 2009"]
[Site "Municipal Theatre of Kerkyra, "]
[Date "2009.09.13"]
[Round "9.1"]
[White "Skalkotas, Nikolaos"]
[Black "Grapsa, Georgia"]
[Result "1-0"]
[WhiteElo "2202"]
[BlackElo "2050"]
[PlyCount "115"]
[EventDate "2009.09.05"]
[EventRounds "9"]
[EventCountry "GRE"]

1. c4 Nf6 2. Nf3 c5 3. g3 d5 4. Bg2 Nc6 5. O-O d4 6. d3 g6 7. e3 Bg7 8. exd4
cxd4 9. Na3 O-O 10. Nc2 a5 11. Rb1 Re8 12. a3 a4 13. Nb4 Bd7 14. Re1 h6 15. Bf4
Nh5 16. Bd2 Ra7 17. h3 e5 18. g4 Nf4 19. Bxf4 exf4 20. Qd2 Rxe1+ 21. Rxe1 g5
22. Nxc6 Bxc6 23. Qe2 Ra5 24. Nd2 Re5 25. Qf1 Qe8 26. Rxe5 Bxe5 27. Qe2 f6 28.
Bxc6 Qxc6 29. Qe4 Qb6 30. Qg6+ Kf8 31. Qxh6+ Kf7 32. Qh7+ Kf8 33. Nf3 Qxb2 34.
Nxe5 fxe5 35. Qf5+ Kg7 36. Qxg5+ Kf8 37. Qf5+ Kg8 38. g5 Qxa3 39. Qc8+ Qf8 40.
Qxb7 Qg7 41. Qd5+ Kh7 42. h4 a3 43. Qa5 Qd7 44. Kf1 Qg4 45. Qc7+ Kg8 46. Qd8+
Kg7 47. Qc7+ Kg8 48. Qb8+ Kf7 49. Qa7+ Kg8 50. Ke1 Qg1+ 51. Ke2 Qg2 52. Qb8+
Kh7 53. g6+ Qxg6 54. Qa7+ Kh6 55. Qxa3 e4 56. Qf8+ Kh7 57. Qe7+ Kh8 58. Qe5+
1-0